| 000 | 00354nam a22001217a 4500 | ||
|---|---|---|---|
| 008 | 160512b xxu||||| |||| 00| 0 eng d | ||
| 020 | _a9781416049869 | ||
| 020 | _a141604986 | ||
| 041 | _aeng | ||
| 080 | _a61 | ||
| 245 |
_aMedical clinics of north america / Bariatric surgery primer for internist: _cNilesh A.Patel MD; Lisa S.Koche MD; |
||
| 942 |
_2udc _cBK |
||
| 999 |
_c2059 _d2059 |
||